Central Library OPAC University of Rajshahi

History of the earth sciences during the scientific and industrial revolutions : (Record no. 70776)

MARC details
000 -LEADER
fixed length control field 00843nam a2200253 a 4500
001 - CONTROL NUMBER
control field 70776
003 - CONTROL NUMBER IDENTIFIER
rucl marc code BD-RjUL
005 - DATE AND TIME OF LATEST TRANSACTION
control field 20211209082035.0
008 - FIXED-LENGTH DATA ELEMENTS--GENERAL INFORMATION
fixed length control field 170419s1976 ne a b 001 0 eng d
020 ## - INTERNATIONAL STANDARD BOOK NUMBER
International Standard Book Number 0444414401
035 ## - SYSTEM CONTROL NUMBER
System control number (BD-RjUL)70990
040 ## - CATALOGING SOURCE
Original cataloging agency DLC
Transcribing agency DLC
Modifying agency EQO
-- BD-RjUL
Language of cataloging eng
041 ## - LANGUAGE CODE
Language code of text/sound track or separate title eng
082 ## - DEWEY DECIMAL CLASSIFICATION NUMBER
Edition number 23
Classification number 550
Author mark and year HAH 1976
100 1# - MAIN ENTRY--PERSONAL NAME
Personal name Hall, D. H.
9 (RLIN) 209486
245 10 - TITLE STATEMENT
Title History of the earth sciences during the scientific and industrial revolutions :
Remainder of title with special emphasis on the physical geosciences /
Statement of responsibility, etc. by D. H. Hall.
260 ## - PUBLICATION, DISTRIBUTION, ETC. (IMPRINT)
Place of publication, distribution, etc. Amsterdam ;
-- New York :
Name of publisher, distributor, etc. Elsevier Scientific Pub. Co.,
Date of publication, distribution, etc. 1976.
300 ## - PHYSICAL DESCRIPTION
Pagination xi, 297 p. :
Illustrations ill. ;
Size 19 cm.
500 ## - GENERAL NOTE
General note Includes indexes.
504 ## - BIBLIOGRAPHY, ETC. NOTE
Bibliography, etc Includes bibliography( p. 279-288) and indexes
650 #0 - SUBJECT ADDED ENTRY--TOPICAL TERM
Topical term or geographic name as entry element Earth sciences
9 (RLIN) 203927
942 ## - ADDED ENTRY ELEMENTS (KOHA)
Source of classification or shelving scheme Dewey Decimal Classification
Koha item type Books
Holdings
Lost status Source of classification or shelving scheme Damaged status Not for loan Collection code Permanent Location Current Location Shelving location Date acquired Source of acquisition Total Checkouts Full call number Date last seen Copy number Koha item type
  Dewey Decimal Classification   Not For Loan Non-fiction Central Library, University of Rajshahi Central Library, University of Rajshahi Reading Room 29/10/1980 Netherland   550 HAH 1976 19/04/2017 C-1 Books